Nodule shock? Seabed mining and the future of the Canadian nickel industry W. E. Cundiff
Guardat en:
| Autor principal: | |
|---|---|
| Format: | Llibre |
| Idioma: | Undetermined |
| Publicat: |
Montreal
Institute for research on public policy
1978
|
| Matèries: | |
| Etiquetes: |
Afegir etiqueta
Sense etiquetes, Sigues el primer a etiquetar aquest registre!
|
| Thư viện lưu trữ: | Trung tâm Học liệu Trường Đại học Cần Thơ |
|---|
| LEADER | 00568nam a2200193Ia 4500 | ||
|---|---|---|---|
| 001 | CTU_81515 | ||
| 008 | 210402s9999 xx 000 0 und d | ||
| 082 | |a 338.2 | ||
| 082 | |b C972 | ||
| 100 | |a Cundiff, W. E. | ||
| 245 | 0 | |a Nodule shock? Seabed mining and the future of the Canadian nickel industry | |
| 245 | 0 | |b W. E. Cundiff | |
| 260 | |a Montreal | ||
| 260 | |b Institute for research on public policy | ||
| 260 | |c 1978 | ||
| 650 | |a Nickel industry | ||
| 650 | |z Canadian | ||
| 904 | |i Trọng Hải | ||
| 980 | |a Trung tâm Học liệu Trường Đại học Cần Thơ | ||